|
|
|
|
| LEADER |
01587nam a2200421 a 4500 |
| 001 |
EBC947566 |
| 003 |
MiAaPQ |
| 005 |
20200520144314.0 |
| 006 |
m o d | |
| 007 |
cr cn||||||||| |
| 008 |
120726s2013 nju s 001 0 eng d |
| 010 |
|
|
|z 2012030210
|
| 020 |
|
|
|z 9781118358405 (cloth)
|
| 020 |
|
|
|a 9781118420331 (electronic bk.)
|
| 035 |
|
|
|a (MiAaPQ)EBC947566
|
| 035 |
|
|
|a (Au-PeEL)EBL947566
|
| 035 |
|
|
|a (CaPaEBR)ebr10615086
|
| 035 |
|
|
|a (CaONFJC)MIL402764
|
| 035 |
|
|
|a (OCoLC)817926629
|
| 040 |
|
|
|a MiAaPQ
|c MiAaPQ
|d MiAaPQ
|
| 050 |
|
4 |
|a HG4028.S7
|b T38 2013
|
| 082 |
0 |
4 |
|a 332.63/2042
|2 23
|
| 100 |
1 |
|
|a Taulli, Tom,
|d 1968-
|
| 245 |
1 |
0 |
|a High-profit IPO strategies
|h [electronic resource] :
|b finding breakout IPOs for investors and traders /
|c Tom Taulli.
|
| 250 |
|
|
|a 3rd ed.
|
| 260 |
|
|
|a Hoboken, N.J. :
|b Wiley,
|c c2013.
|
| 300 |
|
|
|a xvii, 278 p.
|
| 440 |
|
0 |
|a Bloomberg financial series
|
| 500 |
|
|
|a Rev. ed. of: Investing in IPOs. c2001.
|
| 500 |
|
|
|a Includes index.
|
| 505 |
0 |
|
|a pt. I. IPO fundamentals -- pt. II. IPOs for investors -- pt. III. IPO sectors -- pt. IV. Other IPO investments.
|
| 533 |
|
|
|a Electronic reproduction. Ann Arbor, MI : ProQuest, 2015. Available via World Wide Web. Access may be limited to ProQuest affiliated libraries.
|
| 650 |
|
0 |
|a Going public (Securities)
|
| 650 |
|
0 |
|a Investments.
|
| 655 |
|
4 |
|a Electronic books.
|
| 700 |
1 |
|
|a Taulli, Tom,
|d 1968-
|t Investing in IPOs.
|
| 710 |
2 |
|
|a ProQuest (Firm)
|
| 856 |
4 |
0 |
|u https://ebookcentral.proquest.com/lib/matrademy/detail.action?docID=947566
|z Click to View
|